Statistics for Hong Kong Airport (HKG) Destinations

Click here to take the quiz!

General Stats

  • This quiz has been taken 992 times
    (876 since last reset)
  • The average score is 82 of 171

Answer Stats

HintAnswer% Correct
Air China, Cathay Dragon, Cathay Pacific, China Southern, Hong Kong AirBeijing
94%
All Nippon Air, Cathay Dragon, Cathay Pacific, HK Express, Japan AirTokyo-Haneda
93%
All Nippon Air, Cathay Pacific, Ethiopian Air, Hong Kong Air, HK Express, Japan Air, Jetstar Japan, Vanilla AirTokyo-Narita
93%
City Air, Siam Air, Thai AirAsiaBangkok-Don Mueang
92%
Cathay Pacific, Emirates, Hong Kong Air, Kenya Air, Orient Thai Air, Royal Jordanian, Thai AirBangkok-Suvarnabhumi
92%
Cathay PacificLondon-Gatwick
90%
British Airways, Cathay Pacific, Virgin AtlanticLondon-Heathrow
90%
Air France, Cathay PacificParis-Charles de Gaulle
90%
Cathay Dragon, Hong Kong Air, Shanghai AirShanghai-Hongqiao
90%
Cathay Dragon, Cathay Pacific, China Eastern, Hong Kong Air, Juneyao Air, Spring AirShanghai-Pudong
90%
Air India, All Nippon Air, Cathay Pacific, Hong Kong Air, HK Express, Jetstar Japan, PeachOsaka-Kansai
89%
Air India, Air Seoul, Asiana Airlines, Cathay Pacific, Eastar Jet, Ethiopian Air, Hong Kong Air, HK Express, Jeju Air, Jin Air, Korean Air, Thai AirSeoul-Incheon
89%
Cathay PacificNew York-JFK
88%
Cathay Pacific, EmiratesDubai
87%
American Airlines, Cathay Pacific, Hong Kong AirLos Angeles
87%
AeroflotMoscow-Sheremetyevo
87%
Cathay Pacific, QantasSydney
87%
Cathay Dragon, Cathay Pacific, China Air, EVA Air, Hong Kong AirTaipei-Taoyuan
86%
AirAsia Zest, Cathay Pacific, Cebu Pacific, Philippine AirManila
85%
Cathay Pacific, Jetstar Asia Air, Scoot, Singapore Air, TigerairSingapore
85%
Cathay Pacific, China Airlines, Garuda IndonesiaJakarta
84%
Air New Zealand, Cathay Pacific, Hong Kong AirAuckland
83%
Cathay Dragon, Hong Kong Air, Jetstar Pacific, Vietnam AirHanoi
83%
Cathay Pacific, KLMAmsterdam
82%
Cathay Pacific, Qantas, Virgin AustraliaMelbourne
82%
Air India, Cathay Pacific, Jet AirMumbai
82%
Cathay Pacific, Hong Kong Air, Singapore AirSan Francisco
82%
Air India, Cathay Pacific, Jet AirDelhi
81%
Cathay Pacific, Hong Kong Air, Jetstar Pacific, Vietjet, Vietnam AirHo Chi Minh City
81%
Turkish AirlinesIstanbul
80%
AirAsia, Cathay Dragon, Malaysia Air, Malindo AirKuala Lumpur
80%
Air Canada, Cathay Pacific, Hong Kong AirVancouver
80%
EtihadAbu Dhabi
79%
Air Canada, Cathay PacificToronto
78%
Cathay Dragon, Xiamen AirXiamen
78%
Cathay Pacific, LufthansaFrankfurt
77%
Air Busan, Cathay Dragon, HK Express, Korean AirBusan
76%
Qatar AirwaysDoha
76%
Cathay DragonGuangzhou
76%
Cathay PacificMadrid
76%
Cathay PacificPerth
76%
Air China, Cathay Dragon, Hong Kong Air, Sichuan AirChengdu
75%
FinnairHelsinki
75%
Ethiopian AirAddis Ababa
74%
Cathay Pacific, UnitedChicago-O'hare
74%
Cathay PacificRome
74%
Cathay Dragon, China EasternXi'an
72%
Cathay Pacific, QantasBrisbane
71%
LufthansaMunich
71%
DeltaSeattle
71%
Cathay Pacific, Swiss AirZurich
69%
Cathay Pacific, Cebu PacificCebu
68%
Cathay Pacific, Hong Kong AirSapporo-Chitose
68%
Scandinavian AirStockholm
68%
Cathay PacificBarcelona
67%
Air China, Cathay Dragon, Hong Kong AirChongqing
65%
Royal JordanianAmman
64%
American AirlinesDallas-Fort Worth
64%
Cathay PacificMilan-Malpensa
64%
Cathay Dragon, City Air, HK Express, Thai AirAsia, Thai AirPhuket
64%
Cathay Dragon, China SouthernWuhan
64%
Cathay PacificAdelaide
63%
All Nippon Air, Cathay Pacific, HK ExpressNagoya-Centrair
62%
Air China, Hong Kong AirTianjin
62%
Austrian AirlinesVienna
62%
Cathay Pacific, Sri Lankan AirColombo
60%
Cathay Pacific, South AfricanJohannesburg
60%
Cathay PacificManchester
58%
Cathay Dragon, Nepal AirKathmandu
57%
Cathay Pacific, El AlTel Aviv
57%
Cathay DragonDhaka
55%
Kenya AirNairobi
55%
Cathay PacificChennai
54%
Cathay Dragon, China Eastern, Hong Kong AirNanjing
54%
Air AstanaAlmaty
53%
Cathay PacificBoston
53%
Cathay Dragon, Myanmar National AirYangon
53%
Cathay Dragon, China Eastern, Hong Kong AirHangzhou
52%
Royal Brunei AirBandar seri Begawan
51%
Cathay Pacific, Mega MaldivesMale
51%
Cathay Dragon, Cathay Pacific, Garuda Indonesia, Hong Kong AirDenpasar
50%
HK ExpressFukuoka
50%
Shenzhen AirHarbin
50%
Cathay PacificBrussels
49%
Cathay Dragon, Hong Kong AirNaha
49%
Cathay Dragon, Hong Kong Air, JC AirPhnom Penh
49%
MIAT Mongolian AirUlaanbaatar
49%
Cathay Dragon, China Eastern, Hong Kong Air, Xiamen AirFuzhou
48%
Cathay Dragon, HK ExpressJeju
48%
Cathay DragonKolkata
47%
Cathay DragonBangalore
46%
Cathay Dragon, China Eastern, HK ExpressKunming
46%
Air Mauritius, Hong Kong AirPort Louis
46%
Cathay Dragon, City Air, HK Express, Thai AirAsiaChiang Mai
45%
Cathay Dragon, China AirlinesKaohsiung
45%
Cathay PacificChristchurch
44%
Cathay Dragon, HK ExpressHiroshima
42%
China SouthernShenyang
42%
Air ChinaDalian
41%
Cathay PacificHyderabad
41%
Cathay Dragon, China EasternQingdao
41%
Cathay PacificSurabaya
41%
Cathay Pacific, UnitedNewark
40%
Air NiuginiPort Moresby
40%
Aeroflot, S7Vladivostok
40%
Cathay DragonChangsha
39%
Cathay Dragon, China SouthernZhengzhou
37%
Cathay Pacific, Hong Kong AirCairns
35%
Cathay Dragon, Hong Kong AirNanning
35%
Cathay Dragon, HK ExpressDa Nang
34%
Fiji AirNadi
33%
UnitedGuam
32%
Cathay Dragon, Hong Kong AirHaikou
32%
Cathay Dragon, HK Express, Mandarin AirTaichung
32%
Cathay DragonPenang
31%
Cathay PacificBahrain
29%
Hong Kong AirGold Coast
29%
China Eastern, Shandong Airlines, Shenzhen AirJinan
27%
Myanmar National AirMandalay
26%
China Eastern, HK Express, Shenzhen AirlinesWuxi
26%
T'way AirlinesDaegu
25%
China EasternHefei
25%
Cathay Dragon, China Eastern, HK ExpressNingbo
25%
Cambodia Angkor Air, Cathay Dragon, HK Express, JC AirSiem Reap
25%
AirAsiaKota Kinabalu
24%
Cathay Dragon, China EasternWenzhou
24%
S7Novosibirsk
23%
Cathay Dragon, Hong Kong AirSanya
23%
China AirTainan
23%
Hong Kong AirChangchun
22%
HK ExpressLanzhou
22%
Cathay Dragon, Cebu PacificClark
21%
HK ExpressChiang Rai
20%
Cathay DragonGuilin
20%
China Eastern, Hong Kong AirTaiyuan
20%
Hong Kong AirKrabi
19%
Hong Kong AirGuiyang
18%
Bangkok AirwaysKoh Samui
18%
China Eastern, Hong Kong AirNanchang
18%
Hong Kong AirHohhot
17%
S7Irkutsk
17%
China Eastern, Spring AirShijiazhuang
17%
Hong Kong Air, HK ExpressKagoshima
15%
Shenzhen Air, Xiamen AirQuanzhou
13%
Hong Kong Air, HK ExpressSaipan
13%
Shenzhen AirYantai
13%
AirAsiaLangkawi
10%
HK ExpressNha Trang
10%
Cebu PacificIloilo
9%
Cebu PacificKalibo
9%
HK ExpressHualien
8%
HK ExpressKumamoto
8%
HK ExpressIshigaki
7%
Spring AirLuoyang
7%
Hong Kong AirXuzhou
7%
Hong Kong AirOkayama
6%
China SouthernJieyang
5%
Hong Kong AirMiyazaki
5%
Air ChinaOrdos
5%
Sichuan AirZhanjiang
5%
China EasternDatong
4%
China SouthernYiwu
4%
China SouthernMeixian
3%
HK ExpressTakamatsu
3%
Xiamen AirWuyishan
3%
Hong Kong AirYancheng
3%
Hong Kong AirYonago
3%
Beijing Capital AirwaysWanzhou
2%
Sichuan AirYichang
2%
Air ChinaYuncheng
2%
HK ExpressDunhuang
1%

Score Distribution

Percentile by Number Answered

Percent of People with Each Score

Your Score History

You have not taken this quiz since the last reset